000
00195 a2200097 4500
020
_a
9788488061140
041
_a
spa
100
_a
Hoffman, Ginette
245
_a
La epoca de los incas
942
_c
BK
999
_c
31489
_d
31487